| 000 | 00752namaa2200205 i 4500 | ||
|---|---|---|---|
| 001 | 178921 | ||
| 003 | ES-MaACL | ||
| 005 | 20250907063132.0 | ||
| 008 | 110810s1891 fr | |||| ||fre d | ||
| 080 | _a392.3(091) | ||
| 100 | 1 |
_aStarcke, Carl Nicolai, _d1858-1926 _9132889 |
|
| 245 | 1 | 3 |
_aLa famille primitive _b: ses origines et son développment / _cpar C.N. Starcke. |
| 260 |
_aParis : _bAncienne Librairie Germer Baillière et Cª : _bFelix Alcan, _c1891. |
||
| 300 |
_aVIII, 287 p. ; _c22 cm. |
||
| 490 | 1 |
_aBibliothèque scientifique internationale ; _v71 |
|
| 650 | 4 |
_aFamilias- _vHistoria. _9172435 |
|
| 830 | 1 |
_aBibliothèque scientifique internationale ; _v71 _9186949 |
|
| 852 |
_aES-MaACL _jF-14400 |
||
| 999 |
_c178921 _d178921 |
||